[Event "36th European Club Cup 2021"]
[Site "Struga"]
[Date "2021.09.18"]
[Round "1.11"]
[White "Torres Sanchez, Jose"]
[Black "Ponkratov, Pavel"]
[Result "1/2-1/2"]
[WhiteElo "2271"]
[BlackElo "2657"]
[Annotator "TA"]
[PlyCount "77"]
[EventDate "2021.09.18"]
[EventType "team-tourn"]
[EventCountry "MKD"]
[SourceTitle "playchess.com"]
[Source "ChessBase"]
[SourceQuality "1"]

{[%evp 11,77,25,37,23,54,47,47,45,77,42,84,54,116,53,56,64,45,54,56,50,64,44,
106,112,108,109,109,52,55,45,73,57,58,12,67,25,54,-1,0,0,0,0,25,0,0,0,0,0,9,0,
0,0,0,0,12,20,93,99,104,50,81,0,114,0,72,0,88,0]} 1. Nf3 Nf6 2. b3 g6 3. Bb2
Bg7 4. g3 d6 5. d4 c5 6. Bg2 Qa5+ 7. Qd2 {A49: 1 d4 Nf6 2 Nf3 g6 3 g3:
Anti-King's Indian systems.} Qc7 8. O-O {[#]} O-O $146 ({Predecessor:} 8... Bf5
9. c4 O-O 10. Nc3 Nbd7 11. Nh4 cxd4 12. Nb5 Qb8 13. Nxf5 gxf5 14. Nxd4 e6 {
1-0 (23) Nikolac,J (2416)-Lasic,L (2273) Zagreb 2006}) 9. c4 {White is
slightly better.} Nc6 10. Nc3 (10. d5 $5 {[%cal Rd5c6]} Ne5 11. Nxe5 dxe5 12.
e4 $16) 10... Bg4 11. e3 Qa5 {[#]} (11... a6 $14) 12. h3 (12. d5 $1 $16 {
[%cal Rd5c6]} Nb4 13. Nh4) 12... Bxf3 $14 13. Bxf3 cxd4 14. exd4 Nd7 15. Rad1
Rfe8 16. Nd5 Qd8 (16... Qxa2 $14 17. Qe2 Qxb3) 17. Rfe1 $16 Rc8 18. h4 a6 {
[%cal Ba7a6,Ba6a5][%mdl 32]} 19. Rc1 (19. Ne3 $16) 19... e6 $14 20. Nb4 a5 21.
Nxc6 bxc6 22. Bg2 Qc7 (22... d5 $11) 23. Bc3 a4 24. Red1 ({Better is} 24. bxa4
$14 c5 25. dxc5 Bxc3 26. Qxc3 (26. Rxc3 Nxc5 27. Ra3 Nd7 $14)) 24... axb3 $11
25. axb3 h5 26. b4 d5 27. b5 cxb5 28. cxd5 exd5 29. Bxd5 Nf6 30. Bb4 Qd7 31.
Rxc8 Rxc8 32. Bg2 Qf5 33. d5 Ng4 {[#]} (33... Rc4 $11 {keeps the balance.}) 34.
d6 $1 $16 Ne5 35. Qf4 ({But not} 35. d7 Rd8 $15) ({White should play} 35. Ba5
$16 {And now d7 would win.} Qd7 36. Qd5) 35... Qc2 $14 36. Qd2 {Strongly
threatening d7.} Qf5 37. Qf4 {Qxf5 is the strong threat.} ({Don't play} 37. d7
Rd8 $15) 37... Qc2 {[%cal Rc2d1]} 38. Qd2 {Hoping for d7.} Qf5 39. Qf4 {
Weighted Error Value: White=0.25/Black=0.17} ({Much worse is} 39. d7 $6 Rd8 $11
) (39. Ba5 $16 Qd7 40. Qd5) 1/2-1/2

[Event "36th European Club Cup 2021"]
[Site "Struga"]
[Date "2021.09.18"]
[Round "1.12"]
[White "Goganov, Aleksey"]
[Black "Gimeno Higueras, Roberto"]
[Result "1-0"]
[WhiteElo "2559"]
[BlackElo "2214"]
[Annotator "ChessBase"]
[PlyCount "73"]
[EventDate "2021.09.18"]
[EventType "team-tourn"]
[EventCountry "MKD"]
[SourceTitle "playchess.com"]
[Source "ChessBase"]
[SourceQuality "1"]
[TimeControl "40/5400+30:1800+30"]

1. d4 {[%emt 0:00:04]} Nf6 {[%emt 0:00:14]} 2. c4 {[%emt 0:00:04]} e6 {[%emt 0:
00:23]} 3. Nf3 {[%emt 0:00:12]} Bb4+ {[%emt 0:02:27]} 4. Nbd2 {[%emt 0:00:11]}
O-O {[%emt 0:00:32]} 5. a3 {[%emt 0:00:05]} Bxd2+ {[%emt 0:01:36]} 6. Qxd2 {
[%emt 0:04:48]} b6 {[%emt 0:04:41]} 7. e3 {[%emt 0:00:25]} Bb7 {[%emt 0:01:09]}
8. Be2 {[%emt 0:00:13]} d5 {[%emt 0:05:04]} 9. b4 {[%emt 0:04:53]} dxc4 {
[%emt 0:03:11]} 10. Bxc4 {[%emt 0:00:04]} a5 {[%emt 0:01:44]} 11. b5 {[%emt 0:
00:28]} Ne4 {[%emt 0:02:50]} 12. Qe2 {[%emt 0:05:54]} Nd7 {[%emt 0:02:39]} 13.
Bb2 {[%emt 0:02:55]} Ng5 {[%emt 0:05:58]} 14. Nxg5 {[%emt 0:11:56]} Qxg5 {
[%emt 0:00:09]} 15. f3 {[%emt 0:00:05]} c6 {[%emt 0:02:56]} 16. bxc6 {[%emt 0:
04:14]} Bxc6 {[%emt 0:00:09]} 17. Rc1 {[%emt 0:00:07]} Rfc8 {[%emt 0:05:26]}
18. O-O {[%emt 0:01:22]} Bb7 {[%emt 0:10:58]} 19. e4 {[%emt 0:14:18]} Nf8 {
[%emt 0:01:21]} 20. g3 {[%emt 0:03:22]} h5 {[%emt 0:02:40]} 21. Bd3 {[%emt 0:
00:53]} Ng6 {[%emt 0:07:34]} 22. Kf2 {[%emt 0:00:21]} h4 {[%emt 0:04:41]} 23.
Qe3 {[%emt 0:01:00]} Qe7 {[%emt 0:00:55]} 24. Bb5 {[%emt 0:13:26]} Qd6 {
[%emt 0:06:32]} 25. a4 {[%emt 0:09:24]} Rxc1 {[%emt 0:01:43]} 26. Rxc1 {
[%emt 0:00:11]} Rd8 {[%emt 0:00:07]} 27. Rc4 {[%emt 0:04:53]} e5 {[%emt 0:07:
16]} 28. d5 {[%emt 0:00:23]} f5 {[%emt 0:00:43]} 29. exf5 {[%emt 0:02:07]}
hxg3+ {[%emt 0:03:51]} 30. hxg3 {[%emt 0:00:05]} Ne7 {[%emt 0:00:29]} 31. Qxe5
{[%emt 0:04:03]} Qxe5 {[%emt 0:00:25]} 32. Bxe5 {[%emt 0:00:04]} Rxd5 {[%emt 0:
06:06]} 33. f4 {[%emt 0:00:14]} Rc5 {[%emt 0:03:57]} 34. Rxc5 {[%emt 0:00:15]}
bxc5 {[%emt 0:00:02]} 35. Bd6 {[%emt 0:01:38]} Nxf5 {[%emt 0:01:17]} 36. Bc4+ {
[%emt 0:00:11]} Kh7 {[%emt 0:00:18]} 37. Bxc5 {[%emt 0:00:06]} 1-0

[Event "36th European Club Cup 2021"]
[Site "Struga"]
[Date "2021.09.18"]
[Round "1.13"]
[White "Wojtaszek, Radoslaw"]
[Black "Kjartansson, Gudmundur"]
[Result "1/2-1/2"]
[WhiteElo "2698"]
[BlackElo "2447"]
[Annotator "TA"]
[PlyCount "90"]
[EventDate "2021.09.18"]
[EventType "team-tourn"]
[EventCountry "MKD"]
[SourceTitle "playchess.com"]
[Source "ChessBase"]
[SourceQuality "1"]

{[%evp 13,90,10,12,19,12,0,0,0,0,-9,6,0,31,0,41,39,43,9,9,2,17,0,5,0,0,0,0,-25,
-35,-31,-32,-47,-33,-27,-13,-6,-14,-50,-44,-61,-61,-59,-5,-40,-37,-49,-52,-96,
-94,-128,-96,-129,-145,-182,-165,-169,-154,-162,-122,-111,-97,-79,0,0,0,0,0,0,
0,0,0,0,0,0,0,0,0,0,0]} 1. d4 d5 2. c4 c6 3. Nf3 Nf6 4. Qb3 dxc4 5. Qxc4 Bf5 6.
g3 e6 7. Bg2 Be7 8. O-O {D23: Queen's Gambit Accepted: 3 Nf3 Nf6 sidelines.}
O-O 9. Nbd2 Nbd7 10. Qb3 Nb6 11. a4 a5 12. e3 {[#]} c5 $146 ({Predecessor:} 
12... h6 13. Ne5 Rb8 14. e4 Bh7 15. Qe3 Nfd7 16. Nxd7 Nxd7 17. Nc4 Bb4 18. Bd2
Bxd2 19. Qxd2 {1-0 (55) Halkias,S (2530)-Koykka,P (2381) Batumi 2019}) 13. Nh4
cxd4 14. Nxf5 exf5 15. exd4 Qxd4 16. Bxb7 {aiming for Nf3.} Rab8 17. Bg2 Rfd8
18. Nf3 Qc4 {[%cal Rc4b3]} 19. Qb5 Rd5 20. Ne5 Qxb5 21. axb5 {[#] Black must
now prevent Nc6.} Rxe5 22. Bf4 Nfd7 23. Rxa5 g5 24. Bxe5 Nxe5 25. Ra7 Bc5 26.
Rc7 Nd3 $36 {[%mdl 2048] Black has the initiative.} 27. Bf3 Re8 (27... Nc4 $15)
28. Bd1 Nd5 29. Rd7 N5b4 30. Bb3 Ne5 31. Rc7 Nbd3 32. Kg2 f4 33. f3 g4 34. Bd5
gxf3+ 35. Bxf3 Nc4 {[#] And now ...Ne3+ would win.} 36. Ra1 Ne3+ ({Reject} 
36... Ncxb2 $6 37. Bh5 $11) 37. Kh1 Nf2+ (37... Bb6 $17 38. Rb7 Bc5) 38. Kg1
$11 {The position is equal.} Nh3+ 39. Kh1 Nf2+ 40. Kg1 Nh3+ 41. Kh1 Bb6 42. Rb7
Nf2+ 43. Kg1 Nh3+ 44. Kh1 Nf2+ 45. Kg1 Nh3+ {Weighted Error Value: White=0.12/
Black=0.09} 1/2-1/2

[Event "36th European Club Cup 2021"]
[Site "Struga"]
[Date "2021.09.18"]
[Round "1.14"]
[White "Sulypa, Oleksandr"]
[Black "Navara, David"]
[Result "0-1"]
[WhiteElo "2455"]
[BlackElo "2676"]
[Annotator "TA"]
[PlyCount "92"]
[EventDate "2021.09.18"]
[EventType "team-tourn"]
[EventCountry "MKD"]
[SourceTitle "playchess.com"]
[Source "ChessBase"]
[SourceQuality "1"]

{[%evp 9,92,-6,4,-7,13,0,6,0,0,0,0,0,8,0,22,17,32,47,54,63,55,31,31,35,41,34,
39,36,39,0,0,0,0,0,0,0,0,0,0,0,0,0,0,-18,-17,-59,-45,-46,-51,-53,-41,-45,-38,
-49,-44,-67,-58,-103,-106,-331,-344,-329,-336,-329,-328,-449,-433,-445,-445,
-421,-394,-450,-392,-449,-449,-437,-434,-460,-393,-510,-496,-509,-500,-532,
-523]} 1. d4 Nf6 2. c4 e6 3. Nc3 Bb4 4. Nf3 b6 5. Qb3 c5 6. dxc5 {E21:
Nimzo-Indian: 4 Nf3.} Bxc5 7. Bf4 {[#]} Nc6 $146 ({Predecessor:} 7... O-O 8.
Rd1 Bb7 9. e3 Nh5 10. Bg3 Nc6 11. Be2 Nxg3 12. hxg3 f5 13. a3 Rf7 {1-0 (74)
Bluebaum,M (2660)-Efimenko,Z (2602) Karlsruhe 2020}) 8. e3 {The position is
equal.} Nh5 9. Bg3 Bb7 10. Be2 Nxg3 11. hxg3 Rc8 12. Rd1 h6 13. O-O O-O 14. Rd2
$1 Qe7 15. a3 Rfd8 16. Rfd1 Qe8 17. Qa4 Bf8 18. Nb5 Na5 19. b4 (19. Nxa7 {
seems wilder.} Ra8 20. Nb5 Rdc8 21. Rxd7 Nxc4 22. Qb3) 19... Nxc4 20. Bxc4 {
[#] Strongly threatening Be2.} Bxf3 21. gxf3 {And now Be2 would win.} Rxc4 22.
Nd6 Bxd6 23. Rxd6 Rc7 24. Qb5 Qe7 25. Kg2 Qg5 26. Qd3 Qe5 27. f4 Qc3 28. Qa6
Qc2 29. R1d4 Qb2 30. Rxd7 Rdxd7 31. Rxd7 $15 {[%mdl 4096] Endgame KQR-KQR} Rc2
32. Qf1 (32. Qxa7 {is a self mate.} Rxf2+ 33. Kg1 Rg2+ 34. Kh1 Rh2+ 35. Kg1
Qg2#) 32... Qxa3 33. Qb1 Qc3 34. Rxa7 $2 {[#] This move loses the game for
White.} (34. b5 $17) 34... Qc6+ $19 35. e4 Qxe4+ 36. Kg1 Qe2 37. Ra8+ Kh7 38.
Qf1 Qxf1+ 39. Kxf1 {KR-KR} Rb2 40. Ra4 Kg6 41. Kg2 b5 42. Ra7 Rxb4 43. Rb7 Kf6
44. Kf3 g5 {Black is clearly winning.} 45. fxg5+ hxg5 46. Kg2 g4 {Weighted
Error Value: White=0.22/Black=0.03} 0-1

[Event "36th European Club Cup 2021"]
[Site "Struga"]
[Date "2021.09.18"]
[Round "1.15"]
[White "Ragger, Markus"]
[Black "Petursson, Margeir"]
[Result "1-0"]
[WhiteElo "2665"]
[BlackElo "2442"]
[Annotator "TA"]
[PlyCount "65"]
[EventDate "2021.09.18"]
[EventType "team-tourn"]
[EventCountry "MKD"]
[SourceTitle "playchess.com"]
[Source "ChessBase"]
[SourceQuality "1"]

{[%evp 14,65,31,7,4,10,17,10,21,27,26,31,33,37,129,115,148,143,131,138,141,137,
143,129,125,148,143,138,136,134,144,147,152,138,157,147,237,234,233,235,222,
163,239,239,232,217,217,217,217,217,217,217,1070,1048]} 1. e4 c5 2. Nf3 g6 3.
c3 d5 4. exd5 Qxd5 5. d4 Bg7 6. Na3 cxd4 7. Nb5 Na6 8. Be3 {[%cal Re3d4]} Nf6 {
B06: Modern Defence.} 9. Bxd4 b6 10. Be2 Bb7 {The position is equal.} 11. O-O
O-O 12. Re1 Rfc8 13. Bf1 Qd8 (13... Bf8 $14) 14. Qe2 $16 {[#]} e6 $146 ({
Predecessor:} 14... Ne4 15. Bxg7 Kxg7 16. Rad1 Qf8 17. Ng5 Nxg5 18. Qe5+ Kg8
19. Qxg5 Re8 20. b4 Bc6 {1/2-1/2 (56) Fossan,A (2040)-Sgircea,S (2251) Kragero
2019}) 15. Rad1 Qe7 16. Bxf6 {[%mdl 64] [#] Overworked Piece} Qxf6 17. Nd6 $1 {
[%csl LRb7,LRc8][%mdl 64] Double Attack} Bxf3 18. Qxf3 Qxf3 19. gxf3 Nc5 20.
Nxc8 Rxc8 21. Re2 Bf6 22. Rc2 Rc7 23. Kg2 g5 24. Rcd2 a5 (24... Be5 $16 25. b4
Na4) 25. Rd6 $18 Na4 26. R1d2 Be5 27. Rd8+ Kg7 28. Bb5 Nc5 29. b4 {[%cal Bb2b4,
Bb4a5,Ba5a6][%mdl 32]} Nb7 30. R8d7 Rxd7 31. Rxd7 Nd6 32. bxa5 Nxb5 $2 {[#]} (
32... bxa5 33. Bd3 Ne8) 33. a6 {Black got outplayed after the opening. 
Weighted Error Value: White=0.03/Black=0.19} 1-0

[Event "36th European Club Cup 2021"]
[Site "Struga"]
[Date "2021.09.18"]
[Round "1.16"]
[White "Johannesson, Ingvar Thor"]
[Black "Anton Guijarro, David"]
[Result "0-1"]
[WhiteElo "2346"]
[BlackElo "2651"]
[Annotator "TA"]
[PlyCount "98"]
[EventDate "2021.09.18"]
[EventType "team-tourn"]
[EventCountry "MKD"]
[SourceTitle "playchess.com"]
[Source "ChessBase"]
[SourceQuality "1"]

{[%evp 20,98,12,24,27,17,20,0,0,-5,0,0,0,0,0,0,0,-20,0,0,0,0,0,-13,-14,-19,29,
13,9,0,28,-25,54,-310,0,0,0,-220,-240,-201,-195,-7047,-5378,-29980,-29981,
-29981,-29982,-29982,-29983,-29993,-29956,-29978,-29952,-2652,-1127,-876,-630,
-614,-585,-1699,-1018,-1389,-1018,-29973,-29975,-29972,-29974,-29974,-29975,
-29971,-6522,-6490,-1858,-1477,-1432,-1424,-1162,-936,-727,-741,-700]} 1. c4 e5
2. g3 Nc6 3. Bg2 g6 4. Nc3 Bg7 5. Nf3 d6 6. d3 f5 7. O-O Nf6 8. Rb1 a5 9. a3
O-O 10. b4 axb4 11. axb4 Qe8 {A26: English Opening vs King's Indian with ...
Nc6 and d3.} 12. b5 Nd8 13. Bg5 Ne6 {aiming for ...e4.The position is equal.}
14. Bxf6 {[#]} Rxf6 $146 ({Predecessor:} 14... Bxf6 15. Nd5 g5 16. Qd2 Qh5 17.
Ra1 Rxa1 18. Rxa1 Bd8 19. Ra8 Bd7 20. h4 gxh4 21. Rxd8 Nxd8 22. Nxh4 {0-1 (46)
Jevtic,S (2146)-Karahmetovic,A (2299) Lukavac 2012}) 15. Nd5 {Black must now
prevent Ng5!} Rf7 16. Nd2 Bd7 17. e3 Qd8 18. Qc2 h5 19. Ra1 Rb8 20. Ra7 h4 21.
Nb4 hxg3 22. hxg3 f4 23. Rxb7 ({Inferior is} 23. Bxb7 Rxb7 $1 {[%mdl 512]} 24.
Rxb7 Qa8 $19) 23... Rxb7 24. Bxb7 Qg5 25. Nf3 ({White should play} 25. Kg2)
25... Qg4 (25... Qh5 $1 $11) 26. Kg2 $2 {[%mdl 8192] [#]} (26. Nh2 $1 $14 {
stays ahead.} Qg5 27. Nf3) 26... fxe3 $2 (26... Nd4 $1 $19 {[%mdl 512]} 27.
exd4 (27. Nxd4 fxg3) 27... e4) 27. fxe3 $11 Bh6 $36 {[%mdl 2048] Black fights
for an advantage.} 28. Rh1 $2 {Black keeps a firm grip on the game.} (28. Qe2
$1 $11 {and White stays safe.}) 28... Bxe3 $19 29. Rh4 {[#]} Nf4+ $1 30. Kh2 $2
{[#]} (30. Kh1 Qxg3 31. Qh2 Qxh2+ 32. Rxh2) 30... Rh7 $1 31. Rxh7 (31. Bd5+
Nxd5) 31... Kxh7 {[%csl Gd7,Gf4][%cal Rg4h3]} 32. Kh1 {[#]} c6 $1 33. Qh2+ Kg7
34. Ng1 Nh5 35. Kg2 Bxg1 36. Kxg1 Qd1+ (36... Nf4 $142 37. Qd2 Qxg3+ 38. Kh1
Qf3+ 39. Kg1 Ne2+ 40. Qxe2 Qxe2 41. bxc6 Qe1+ 42. Kh2 Qf2+ 43. Kh1 Qf3+ 44. Kh2
Bg4 45. c7 Qxb7 {[%mdl 64] Double Attack} 46. c8=B Bxc8 47. Nd5 Qf7 48. Kg2 Bg4
49. Kg1 Qf3 50. d4 Bh3 51. Ne3 Qxe3+ {[%mdl 64] Double Attack} 52. Kh2 Qf3 53.
dxe5 Qg2#) 37. Kg2 Qd2+ 38. Kh1 Qxb4 39. bxc6 Bg4 40. Qf2 Nf6 41. Ba6 Qb1+ {
[%mdl 64] Double Attack} 42. Kg2 Qxd3 43. c7 Ne4 44. c8=Q Bxc8 (44... Nxf2 $142
45. Qb7+ Kf6 46. Qa8 Ne4 47. Qh8+ Kf7 48. Qh7+ Kf8 49. Qh6+ Ke7 50. Qg7+ Kd8
51. Qf8+ Kc7 52. Qf7+ Bd7 53. Bb5 Qxg3+ 54. Kf1 Nc5 55. Ke2 Qd3+ 56. Ke1 e4 57.
Bxd7 Nxd7 58. c5 dxc5 59. Qa2 c4 60. Qa7+ Kd6 61. Qa6+ Ke5 62. Qxg6 c3 63. Qg5+
Kd6 64. Qh6+ Kd5 65. Qc1 c2 66. Qd2 Kc6 67. Qh6+ Kb7 68. Kf2 Qf3+ 69. Ke1 Qd1+
70. Kf2 c1=Q 71. Qxc1 Qxc1 72. Kg3 Ne5 73. Kf2 Nd3+ 74. Kg2 Qg5+ 75. Kh1 Nf4
76. Kh2 Qg2#) 45. Qa7+ {Black is clearly winning.} Kf6 {( -> ...Bh3+!)} 46.
Bxc8 Qxg3+ 47. Kf1 Qd3+ 48. Kg2 Qe2+ 49. Kg1 Qxc4 {Weighted Error Value:
White=0.97/Black=0.87} 0-1

[Event "36th European Club Cup 2021"]
[Site "Struga"]
[Date "2021.09.18"]
[Round "1.17"]
[White "Sasikiran, Krishnan"]
[Black "Mai, Alexander Oliver"]
[Result "1/2-1/2"]
[WhiteElo "2647"]
[BlackElo "2042"]
[Annotator "TA"]
[PlyCount "39"]
[EventDate "2021.09.18"]
[EventType "team-tourn"]
[EventCountry "MKD"]
[SourceTitle "playchess.com"]
[Source "ChessBase"]
[SourceQuality "1"]

{[%evp 12,39,43,0,0,0,0,0,0,0,0,-12,-21,-20,-16,-21,0,-22,0,0,0,-10,0,-19,-20,
-24,0,0,0,-20]} 1. e4 c5 2. Nf3 d6 3. d4 cxd4 4. Nxd4 Nf6 5. Nc3 Nc6 6. Bc4 Qb6
7. Nf3 e6 {B57: Classical Sicilian: Sozin with 6...Qb6.} 8. O-O Be7 9. Qe2 O-O
{[#]} 10. Rd1 $146 ({Predecessor:} 10. Bb3 Bd7 11. a3 Na5 12. Be3 Qc7 13. Ba2
Ng4 14. Bf4 Rac8 15. Rad1 Qb6 16. Rb1 Nc6 17. Rfd1 Qc5 18. Rd2 Nce5 19. Rbd1
Bc6 20. Nd4 g5 21. Bg3 Nf6 {1/2-1/2 (21) Hirschhorn,P (1966)-Smithers,S (2363)
IECG email 1999}) 10... a6 11. a4 Rd8 12. h3 Bd7 13. Rb1 Rac8 14. Bf4 Qc5 15.
Be3 Qb4 16. Bd3 Be8 17. Bd2 {[#] aiming for Nd5.} Qc5 18. Be3 Qb4 19. Bd2 {
Strongly threatening Nd5.} Qc5 20. Be3 {A rather calm draw.  Weighted Error
Value: White=0.08/Black=0.05} 1/2-1/2

[Event "36th European Club Cup 2021"]
[Site "Struga"]
[Date "2021.09.18"]
[Round "1.18"]
[White "Jonsson, Gauti Pall"]
[Black "Bartel, Mateusz"]
[Result "0-1"]
[WhiteElo "2053"]
[BlackElo "2611"]
[Annotator "TA"]
[PlyCount "114"]
[EventDate "2021.09.18"]
[EventType "team-tourn"]
[EventCountry "MKD"]
[SourceTitle "playchess.com"]
[Source "ChessBase"]
[SourceQuality "1"]

{[%evp 16,114,45,18,64,30,22,-50,-43,-49,-40,-24,-15,-43,-50,-48,-64,-63,-53,
-67,-34,-58,-19,-26,-21,-24,50,-50,-39,-47,-50,-52,-81,-148,0,-145,-144,-169,
-156,-154,-162,-154,-161,71,-144,-327,-134,-325,-322,-290,-292,-356,-342,-452,
-455,-453,-390,-797,-797,-795,-781,-778,-771,-720,-687,-763,-754,-1385,-1441,
-894,-952,-1139,-973,-874,-862,-1331,-1410,-890,-738,-688,-643,-1644,-1742,
-1552,-1273,-1160,-1058,-911,-756,-12833,-12835,-12836,-12836,-12837,-12837,
-12835,-12833,-1552,-1893,-12839,-12839]} 1. e4 c5 2. Nc3 a6 3. Nge2 b5 4. d4
cxd4 5. Nxd4 e6 6. Bd3 Qb6 7. Nb3 Qc7 8. O-O Bb7 9. f4 b4 {B43: Sicilian: Kan
Variation: 5 Nc3.} 10. Ne2 Nf6 11. Ng3 (11. e5 $1 $11 Nd5 12. Kh1) 11... h5 {
Black is slightly better.} 12. Qf3 a5 {[%cal Ba6a5,Ba5a4][%mdl 32]} 13. Be3 Ng4
{[#]} 14. Kh1 $146 ({Predecessor:} 14. Nd4 Nxe3 15. Qxe3 h4 16. Nge2 Bc5 17. c3
h3 18. g3 Nc6 19. Rad1 O-O 20. e5 {0-1 (31) Wosch,A (2310)-Bergloef,H (2463)
ICCF email 2000}) 14... Nxe3 15. Qxe3 h4 16. Ne2 h3 17. g4 a4 18. Nbd4 Bc5 19.
a3 bxa3 20. bxa3 d6 ({Black should play} 20... Qc8 $11) 21. Qf3 (21. f5 $14)
21... Nd7 22. c3 e5 23. Nf5 g6 24. Ng7+ {[#]} (24. Nfg3 $142) 24... Kd8 (24...
Ke7 $1 $17 {Hoping for ...Rhg8.} 25. fxe5 Nxe5 26. Qf6+ Kd7) 25. fxe5 (25. f5
$1 $11 {was the only way to keep the balance.} g5 26. Ne6+ fxe6 27. fxe6) 25...
Nxe5 26. Ne6+ fxe6 27. Qf6+ {[#]} Kd7 $1 28. Bb5+ Kc8 29. Qxh8+ Qd8 30. Qxd8+
Kxd8 31. Nd4 $2 {This move loses the game for White.} (31. Ng3 $17) 31... Bxe4+
$19 32. Kg1 Nf3+ ({Weaker is} 32... Nxg4 33. Be2 $17) 33. Rxf3 Bxf3 34. Rf1 {
[#] With the idea g5.} Ra5 $1 35. Rxf3 Rxb5 {[%mdl 4096] Endgame KRB-KRN} 36.
Re3 $2 (36. Kf1 Rb1+ 37. Ke2 Rb2+ 38. Kf1 Rb1+ 39. Ke2 Rb2+ 40. Kd1 Bxd4 41.
cxd4 Rxh2 42. Ke1) 36... Rb1+ {Black is clearly winning.} 37. Kf2 Kd7 38. Rxh3
e5 {[%mdl 64] Pin} 39. Rh7+ Ke8 40. Rh8+ Kf7 41. Ra8 exd4 42. cxd4 Bxd4+ {
KRB-KR} 43. Ke2 Rb2+ 44. Kd3 Bc5 45. Rxa4 g5 46. Ra8 Rb3+ 47. Ke4 Rxa3 48. Rb8
Re3+ 49. Kd5 Re5+ 50. Kc6 Re8 51. Rb1 Rh8 52. Rb2 Bd4 53. Rb3 Ke6 54. h3 Rc8+
55. Kb7 Rc3 56. Rb5 Be5 57. Rb1 Rxh3 {Weighted Error Value: White=0.86/Black=0.
14} 0-1

[Event "36th European Club Cup 2021"]
[Site "Struga"]
[Date "2021.09.18"]
[Round "1.19"]
[White "Godart, Francois"]
[Black "Grischuk, Alexander"]
[Result "0-1"]
[WhiteElo "2407"]
[BlackElo "2775"]
[Annotator "TA"]
[PlyCount "48"]
[EventDate "2021.09.18"]
[EventType "team-tourn"]
[EventCountry "MKD"]
[SourceTitle "playchess.com"]
[Source "ChessBase"]
[SourceQuality "1"]

{[%evp 9,48,-22,-14,-23,0,0,0,0,0,0,0,0,0,-27,-6,0,0,-6,-5,-15,-3,0,0,-19,-24,
-94,-97,-90,-97,-92,-101,-91,-87,-93,-85,-73,-32,-86,-88,-553,-533]} 1. e4 e5
2. f4 exf4 3. Nf3 h6 4. d4 g5 5. Nc3 d6 6. g3 {C34: King's Gambit Accepted: 3
Nf3: 3...Nf6 and 3...d6.} fxg3 7. hxg3 Bg7 8. Be3 {The position is equal.} Bg4
9. Bg2 Nc6 10. Qd2 Qd7 11. O-O-O Nge7 12. Rdf1 {[#]} O-O-O $146 ({Predecessor:
} 12... f5 13. Nh2 f4 14. gxf4 gxf4 15. Rxf4 h5 16. Nxg4 hxg4 17. Rhf1 O-O-O
18. Rf7 Rhg8 {1/2-1/2 (48) Nielsen,P (2654)-Krnan,T (2440) Berlin 2015}) 13. d5
Ne5 14. Nxe5 Bxe5 15. Rxf7 Qe8 16. Qf2 Ng6 {White should prevent ...Bxc3.} 17.
Bf3 Bxf3 $17 18. Qxf3 {[#] aiming for Qf5+.} Kb8 {And now ...Bxc3 would win.}
19. Qf5 Bxc3 20. Qxg6 ({But not} 20. bxc3 $2 Ne5 $19) 20... Be5 21. Qf5 Qb5 22.
c3 a5 23. g4 {[#]} (23. Bf2 $15) 23... Qc4 $1 24. Kb1 $2 {[%mdl 8192]} (24. Qf1
$17 {is a better chance.} Qxe4 25. Qf3) 24... Qd3+ {[%mdl 64] Double Attack. 
Weighted Error Value: White=0.41/Black=0.04} 0-1

[Event "36th European Club Cup 2021"]
[Site "Struga"]
[Date "2021.09.18"]
[Round "1.20"]
[White "Malakhov, Vladimir"]
[Black "Dishman, Stephen"]
[Result "1-0"]
[WhiteElo "2666"]
[BlackElo "2316"]
[Annotator "TA"]
[PlyCount "103"]
[EventDate "2021.09.18"]
[EventType "team-tourn"]
[EventCountry "MKD"]
[SourceTitle "playchess.com"]
[Source "ChessBase"]
[SourceQuality "1"]

{[%evp 11,103,23,19,0,0,2,3,0,20,16,17,19,49,18,29,10,14,10,39,26,27,23,9,0,0,
0,11,8,0,-13,64,65,47,61,62,31,69,52,59,59,53,71,82,73,137,137,137,137,137,137,
150,133,147,133,142,134,174,178,169,169,178,162,218,202,243,243,235,247,232,
226,427,427,508,508,898,893,823,570,516,439,1185,1050,1566,1414,1322,1191,
29982,29983,1669,1596,29984,-300,29985,29986]} 1. Nf3 d5 2. e3 Nf6 3. c4 c6 4.
Nc3 a6 5. h3 g6 6. d4 Bg7 7. Bd3 {D94: Grünfeld: 4 Nf3 Bg7 5 e3.} dxc4 8. Bxc4
b5 {[#]} 9. Be2 $146 {The position is equal.} ({Predecessor:} 9. Bb3 O-O 10.
O-O Bb7 11. e4 b4 12. Na4 Nxe4 13. Qe1 c5 14. dxc5 a5 15. Ng5 {1-0 (37)
Ovchinnikov,V (2325)-Sadovsky,A (2407) Voronezh 2017}) 9... Nbd7 (9... c5 $5)
10. O-O O-O 11. b4 Nb6 12. Bd2 Be6 13. Ne5 Rc8 14. a4 Nbd7 15. axb5 axb5 16. f4
Nxe5 17. fxe5 Nd5 18. Ne4 Bh6 19. Rf3 Nb6 20. Qe1 Bc4 {[#]} ({Better is} 20...
Bd5 $11 21. Qh4 Bg7) 21. Qh4 $1 $14 Bg7 ({Don't blunder} 21... Bxe2 $2 22. Qxh6
f6 23. exf6 $18) 22. Bxc4 Nxc4 23. Bc3 h6 24. Nc5 $36 {[%mdl 2048] White is
pushing.} e6 25. Qxd8 Rcxd8 26. Ra7 Nb6 {White stays focused until the end.}
27. e4 Na4 (27... Ra8 $142 28. Rc7 Na4) 28. Nxa4 $16 bxa4 29. Rxa4 Ra8 30. Ra5
Rfc8 31. Kf2 Bf8 32. Ke3 Be7 33. Rf1 Bd8 34. Rxa8 Rxa8 $18 {[%mdl 4096]
Endgame KRB-KRB} 35. Ra1 Rc8 36. g4 Be7 (36... Kf8 $142 37. Kd3 Ke8) 37. Kd3
Kf8 38. Bd2 g5 39. b5 cxb5 40. d5 exd5 $2 (40... Rd8 41. d6 Bxd6 42. exd6 Rxd6+
43. Ke3 Kg7) 41. exd5 Ke8 42. d6 Bd8 (42... Rd8 $142 43. Ba5 Ra8 44. dxe7 b4)
43. Ra7 {Intending d7+ and mate.} Rc4 44. Rb7 Ra4 45. Be3 Rc4 (45... Ra1 $142
46. Bc5 (46. Rxb5 Ra5 $18) 46... Rd1+ 47. Ke4 Rd2) 46. Rxb5 Rc6 47. Rb7 f6 48.
Ke4 fxe5 49. Kd5 Rc3 {[#]} 50. Ke6 $1 Rxe3 (50... Rc6 51. Rh7) 51. d7+ Kf8 {
And now ...Ra3 would win.} 52. Rb8 {Weighted Error Value: White=0.06/Black=0.56
} 1-0